00395nam a2200157Ia 4500003000400000005001700004008004100021020001500062040000700077041000800084082001300092245005100105260004900156300001900205365001300224OSt20230502105855.0210423s2003 xx 000 0 und d a8186062327 cAL aeng a502 CHAM aChambers dictionary of science and technology. aMumbaibAffiliated East West Press Ltdc2003 axviii,1325bHB b425cINR